Quiz à choix multiple - Animaux #1 - Statistiques

Statistiques générales
  • Ce quiz a été pris 9 706 fois
    9 698 depuis la dernière actualisation
  • Le résultat moyen est 9 sur 15
Statistiques - réponses
Question Réponse % Correct
Combien de bras (appelés à tort tentacules) les pieuvres ont-elles ? 8
85%
Un concombre de mer est-il un animal ou une plante ? Animal
84%
Lequel de ces animaux utilise l'écholocalisation pour se repérer ? Dauphin
75%
Laquelle des espèces suivantes n'est PAS un type d'antilope ? Martre
75%
Les grenouilles sont-elles des reptiles ? Non
75%
Que peut faire un lézard Jésus-Christ ? Marcher sur l'eau
73%
Les baleines bleues ont-elles des dents ? Non
70%
Dans quelle chaîne de montagnes pourriez-vous rencontrer un yack sauvage ? L'Himalaya
64%
Quel type d'animal trouveriez-vous dans un rucher ? Abeille
63%
Y a-t-il des ours polaires à l'état sauvage dans l'hémisphère sud ? Non
63%
Quelle est la durée de vie maximale d'un homard ? Environ 20 ans
55%
Combien de rhinocéros existent encore à l'état sauvage ? Environ 25 000
44%
Comment appelle-t-on un groupe de hiboux ? Un parlement
44%
Quel pays abrite la population de singes sauvages la plus septentrionale du monde ? Japon
39%
Y a-t-il une importante population de chameaux sauvages en Australie ? Oui
38%
Aucun quiz correspondant
Distribution des résultats
% des personnes avec chaque résultat
Percentile par nombre de réponses
Votre historique - résultats
Vous n’avez pas pris ce quiz depuis la dernière actualisation